000 01139nam a2200253Ia 4500
001 16302
003 GE_BSU
008 181216s||||||||xx |||||||||||||| ||und||
020 _aISBN 978-9941-15-980-0(ოვიდიუსი)
040 _cGE_BSU
080 _a821.124-11
100 _aოვიდიუსი
245 _aმეტამორფოზები
245 _cლათინურიდან თარგმნეს:ნათელა მელაშვილმა და ნანა ტონიამ; რედ.: ნანა ტონია; დიზაინერი: ია მახათაძე.
260 _aთბილისი
260 _bბაკურ სულაკაურის გამ-ბა
260 _c2013
300 _a430გვ.;22სმ.
300 _bშენიშვნები:გვ.394-427
300 _eყდაზე: ჯულიო რომანოს "გიგანტების დაცემა",1526-34 პალაცე დელ ტე. დელ ტე.
541 _h12ლ.
653 _aლიტერატურა
942 _cBK
999 _c49383
_d49383